Human types

Uloženo v:
Podrobná bibliografie
Hlavní autor: Firth, Raymond
Médium: Kniha
Jazyk:Undetermined
Vydáno: New York A Mentor Book 1958
Témata:
Tagy: Přidat tag
Žádné tagy, Buďte první, kdo otaguje tento záznam!
Thư viện lưu trữ: Trung tâm Học liệu Trường Đại học Cần Thơ
LEADER 00455nam a2200181Ia 4500
001 CTU_93081
008 210402s9999 xx 000 0 und d
082 |a 306.19 
082 |b F522 
100 |a Firth, Raymond 
245 0 |a Human types 
245 0 |c Raymond Firth 
260 |a New York 
260 |b A Mentor Book 
260 |c 1958 
650 |a Ethonology 
904 |i Ngọc Loan, QHieu 
980 |a Trung tâm Học liệu Trường Đại học Cần Thơ